000 00376 a2200121 4500
001 ART_44974
005 20260410162039.0
008 260409a
245 1 0 _aProblemas e interrogantes de la historia de los trabajadores
100 1 _aLobato, Mirta Zaida
700 1 _aSuriano, Juan
773 0 _tEstudios del trabajo
_g- N° 32 (jul./dic. 2006)
_wREV44896
999 _c34715
_d34715